| 000 | 00774 a2200205 4500 | ||
|---|---|---|---|
| 020 | _a354024221X | ||
| 020 | _a9783540242215 | ||
| 082 | 0 | 4 | _a512.3 |
| 090 |
_c754 _d754 |
||
| 100 | 1 | _aEngler, Antonio J. | |
| 245 | 1 | 0 |
_aValued fields / _cAntonio J. Engler, Alexander Prestel. |
| 260 |
_a[S.l.] : _bSpringer, _c2005. |
||
| 300 |
_a218 p. ; _c24 cm. |
||
| 490 | 1 | _aSpringer monographs in mathematics. | |
| 700 | _aPrestel, Alexand | ||
| 830 | _aSpringer monographs in mathemati | ||
| 942 |
_aSNS _cBK _k512.3 ENG |
||
| 999 |
_c29381 _d29381 |
||